[Event "FRA-chT U20 0203"]
[Site "Clichy"]
[Date "2003.05.03"]
[Round "9.10"]
[White "Bensaid, Alexandre"]
[Black "Morvan, Guillaume"]
[Result "1-0"]
[WhiteElo "1300"]
[BlackElo "1009"]
[PlyCount "95"]
[EventDate "2002.12.??"]
[EventType "team"]
[EventRounds "11"]
[EventCountry "FRA"]
[SourceTitle "EXT 2004"]
[Source "ChessBase"]
[SourceDate "2003.11.25"]
[SourceVersion "1"]
[SourceVersionDate "2003.11.25"]
[SourceQuality "1"]
[WhiteTeam "Neuilly"]
[BlackTeam "Avignon"]
[WhiteTeamCountry "FRA"]
[BlackTeamCountry "FRA"]

1. e4 c5 2. Nf3 d6 3. Bc4 Nf6 4. Nc3 g6 5. d4 cxd4 6. Nxd4 Bg7 7. 0-0 0-0 8. Be3 Nc6 9. Nb3 Bd7 10. a3 Rc8 11. Bd3 Ne5 12. f4 Neg4 13. Bd2 Qb6+ 14. Kh1 Nf2+ 15. Rxf2 Qxf2 16. Qe2 Ng4 17. h3 Qxe2 18. Bxe2 Nf2+ 19. Kg1 Bxc3 20. Bxc3 Nxe4 21. Bd4 Rxc2 22. Bd3 Rc6 23. Bxe4 Rcc8 24. Bxa7 f5 25. Bf3 e5 26. fxe5 dxe5 27. Bxb7 Rc7 28. Na5 Be6 29. Bf2 Rc5 30. Bxc5 Rd8 31. b4 h5 32. Bf3 e4 33. Rd1 Rxd1+ 34. Bxd1 f4 35. Bb3 Bxb3 36. Nxb3 e3 37. Nc1 g5 38. a4 h4 39. a5 g4 40. hxg4 h3 41. gxh3 f3 42. Bxe3 Kf7 43. a6 Ke6 44. a7 Ke5 45. a8Q f2+ 46. Kxf2 Ke6 47. Qc6+ Ke5 48. Nd3# 1-0

[Event "FRA-chT U20 0203"]
[Site "Clichy"]
[Date "2003.01.05"]
[Round "7.9"]
[White "Morvan, Guillaume"]
[Black "Palacios Aguilar, Diego Andre"]
[Result "0-1"]
[WhiteElo "1009"]
[BlackElo "1490"]
[PlyCount "68"]
[EventDate "2002.12.??"]
[EventType "team"]
[EventRounds "11"]
[EventCountry "FRA"]
[SourceTitle "EXT 2004"]
[Source "ChessBase"]
[SourceDate "2003.11.25"]
[SourceVersion "1"]
[SourceVersionDate "2003.11.25"]
[SourceQuality "1"]
[WhiteTeam "Avignon"]
[BlackTeam "Paris NAO"]
[WhiteTeamCountry "FRA"]
[BlackTeamCountry "FRA"]

1. d4 d5 2. Nf3 Nf6 3. c3 e6 4. Bg5 h6 5. Bh4 Nbd7 6. e3 c5 7. Nbd2 c4 8. Be2 Be7 9. Qc2 Nh5 10. Bxe7 Qxe7 11. 0-0 Nhf6 12. Ne5 Nxe5 13. dxe5 Nd7 14. Nf3 Nc5 15. Rad1 0-0 16. Rd2 b6 17. b4 cxb3 18. axb3 Bb7 19. b4 Na6 20. b5 Nc5 21. Bd3 Rac8 22. Bh7+ Kh8 23. Ra1 Ba8 24. Rxa7 Qxa7 25. Bd3 Nxd3 26. Rxd3 Qa1+ 27. Rd1 Rxc3 28. Qd2 Qa3 29. Ne1 Rfc8 30. h3 Rc1 31. Nd3 Rxd1+ 32. Qxd1 Rc3 33. Nf4 Rc1 34. Ne2 Rxd1+ 0-1

[Event "FRA-chT U20 0203"]
[Site "Clichy"]
[Date "2003.01.03"]
[Round "4.8"]
[White "Morvan, Guillaume"]
[Black "Lemeille, Francois"]
[Result "0-1"]
[WhiteElo "1009"]
[BlackElo "1230"]
[PlyCount "38"]
[EventDate "2002.12.??"]
[EventType "team"]
[EventRounds "11"]
[EventCountry "FRA"]
[SourceTitle "EXT 2004"]
[Source "ChessBase"]
[SourceDate "2003.11.25"]
[SourceVersion "1"]
[SourceVersionDate "2003.11.25"]
[SourceQuality "1"]
[WhiteTeam "Avignon"]
[BlackTeam "Bois Colombes"]
[WhiteTeamCountry "FRA"]
[BlackTeamCountry "FRA"]

1. d4 e6 2. Nf3 Nc6 3. c3 Nf6 4. Bg5 d5 5. e3 Bd6 6. Bd3 h6 7. Bh4 0-0 8. Nbd2 e5 9. Rc1 e4 10. Bb1 exf3 11. Qxf3 Bg4 12. Bxf6 Qd7 13. Qxd5 gxf6 14. 0-0 Ne7 15. Qxb7 Qc6 16. Qb3 Bc8 17. Qc2 f5 18. e4 Bb7 19. exf5 Qxg2# 0-1